Вып. 14; Квантовая электроника

Détails bibliographiques
Parent link:Квантовая электроника: республиканский межведомственный сборник научных трудов/ Академия наук Украинской ССР (АН УССР), Институт полупроводников (ИП); отв. ред. М. П. Лисица. Вып. 14.— , 1966-1991
Autres auteurs: Лисица М. П. Михаил Павлович (редактор)
Langue:russe
Publié: 1978
Sujets:
Format: MixedMaterials Livre
KOHA link:https://koha.lib.tpu.ru/cgi-bin/koha/opac-detail.pl?biblionumber=336610

MARC

LEADER 00000nam2a2200000 4500
001 336610
005 20231102004854.0
035 |a (RuTPU)RU\TPU\book\363039 
035 |a RU\TPU\book\326273 
090 |a 336610 
100 |a 20171018d1978 k y0rusy5003 ca 
101 0 |a rus 
102 |a UA 
105 |a a z 001zy 
200 0 |a Вып. 14 
210 |d 1978 
215 |a 122 с.  |c ил. 
320 |a Библиография в конце статей 
461 1 |0 (RuTPU)RU\TPU\book\200052  |t Квантовая электроника  |o республиканский межведомственный сборник научных трудов  |f Академия наук Украинской ССР (АН УССР), Институт полупроводников (ИП); отв. ред. М. П. Лисица  |v Вып. 14  |d 1966-1991 
606 1 |a Квантовая электроника прикладная  |2 stltpush  |3 (RuTPU)RU\TPU\subj\14226  |9 40681 
610 1 |a квантовая радиофизика 
610 1 |a лазеры 
610 1 |a резонансные явления 
610 1 |a кольцевые лазеры 
610 1 |a нелинейные поглотители 
610 1 |a фотопроводимость 
610 1 |a полупроводники 
610 1 |a лазерное излучение 
610 1 |a СВЧ 
610 1 |a модуляция 
610 1 |a свет 
675 |a 621.375.8  |z rus  |v 3 
702 1 |a Лисица  |b М. П.  |g Михаил Павлович  |4 340 
801 0 |a RU  |b 63413507  |c 19950704  |g psbo 
801 1 |a RU  |b 63413507  |c 20110614 
801 2 |a RU  |b 63413507  |c 20171019  |g RCR 
942 |c BK